| 000 | 00498nam a2200205Ia 4500 | ||
|---|---|---|---|
| 005 | 20251020182532.0 | ||
| 008 | 200515s9999 xx 000 0 und d | ||
| 082 | _a711.10/D95 | ||
| 100 | _aDUPUY, Gabriel | ||
| 245 | 0 | _aEl urbanismo de las redes : teorías y métodos | |
| 260 | _aBarcelona | ||
| 260 | _c1998 | ||
| 500 | _a1 ejemplar | ||
| 650 | _aALCANTARILLAS | ||
| 650 | _aALUMBRADO PUBLICO | ||
| 650 | _aLIB | ||
| 650 | _aREDES DE SANEAMIENTO | ||
| 650 | _aURBANISMO | ||
| 942 | _cLIB | ||
| 999 |
_c2103 _d2103 |
||